banner koha

Os impactos ambientais industriais da ALCA no Brasil (Registro n. 293119)

MARC details
000 -LÍDER
campo de controle de tamanho fixo 01066nac a22003257a 4500
001 - NÚMERO DE CONTROLE
campo de controle BR0304314
003 - IDENTIFICADOR DO NÚMERO DE CONTROLE
campo de controle BR-BrBNA
005 - DATA E HORÁRIO DA ÚLTIMA TRANSAÇÃO
campo de controle 20240105122852.0
008 - CAMPO DE DADOS FIXOS--INFORMAÇÃO GERAL
campo de controle de tamanho fixo 230509b bl.|||m| |||| 00| 0 por d
040 ## - FONTE DA CATALOGAÇÃO
Instituição da catalogação original BR-BrBNA
Idioma da catalogação por
Instituição que transcreveu o registro Biblioteca Nacional de Agricultura
072 ## - CÓDIGO DE CATEGORIA DE ASSUNTO
Código de Categoria de Assunto T01
090 ## - NÚMERO DE CHAMADA LOCAL
Número de chamada T01 BR0304314
100 1# - ENTRADA PRINCIPAL--NOME PESSOAL
Nome pessoal Motta, R.S. da
110 1# - ENTRADA PRINCIPAL--NOME CORPORATIVO
Nome corporativo ou nome da jurisdição Instituto de Pesquisa Econômica Aplicada, Rio de Janeiro, RJ (Brasil)
9 (RLIN) 6126
245 1# - TÍTULO
Título Os impactos ambientais industriais da ALCA no Brasil
260 3# - PUBLICAÇÃO, DISTRIBUIÇÃO, ETC.
Local de publicação, distribuição, etc. Rio de Janeiro, RJ (Brasil):
Data da publicação, distribuição, etc. 2003.
300 ## - DESCRIÇÃO FÍSICA
Extensão 40 p.
490 ## - TÍTULO DA SÉRIE
Título da série Texto para Discussão - Instituto de Pesquisa Econômica Aplicada (Brazil)
Número do volume ou designação sequencial da série no. 962
ISSN - International Standard Serial Number ISSN 1415-4765
500 ## - NOTA GERAL
Nota geral Summaries (En, Pt); 21 tables; 32 ref.
650 ## - ASSUNTO--TERMO TÓPICO
Cabeçalho tópico ou nome geográfico POLUIÇÃO AMBIENTAL
650 ## - ASSUNTO--TERMO TÓPICO
Cabeçalho tópico ou nome geográfico IMPACTO AMBIENTAL
650 ## - ASSUNTO--TERMO TÓPICO
Cabeçalho tópico ou nome geográfico POLÍTICA AMBIENTAL
650 ## - ASSUNTO--TERMO TÓPICO
Cabeçalho tópico ou nome geográfico RESÍDUO
650 ## - ASSUNTO--TERMO TÓPICO
Cabeçalho tópico ou nome geográfico SUBSTÂNCIA TÓXICA
650 ## - ASSUNTO--TERMO TÓPICO
Cabeçalho tópico ou nome geográfico INDÚSTRIA
650 ## - ASSUNTO--TERMO TÓPICO
Cabeçalho tópico ou nome geográfico REGULAMENTAÇÃO
650 ## - ASSUNTO--TERMO TÓPICO
Cabeçalho tópico ou nome geográfico ALCA
909 ## -
-- 202312
-- Lúcia Elande
-- 55
-- Lúcia Elande
942 ## - ELEMENTOS DE ENTRADA ADICIONADOS (KOHA)
Fonte da classificação ou esquema de arquivamento na estante Classificação AGRIS
Ocultar no OPAC Não
Tipo de material Koha Monografia Seriada
Exemplares
Situação do descarte Fonte da classificação ou esquema de arquivamento na estante Situação física Não pode ser emprestado Coleção Biblioteca de origem Biblioteca atual Localização na estante Total de empréstimos Número de telefone completo Código de barras Data de último acesso Tipo de material Koha Fonte de aquisição
  Classificação AGRIS       Biblioteca Nacional de Agricultura - Binagri Biblioteca Nacional de Agricultura - Binagri Agrobase - Acervo Geral   T01 BR0304314 T01 BR0304314 18/12/2023 Monografia Seriada Portaria Interministerial nº 164/94

BINAGRI

Telefone: (61)3218-2567/2388/3357/2097 - binagri@agro.gov.br

Ministério da Agricultura e Pecuária , Esplanada dos Ministérios, Bloco D, Anexo B, Brasília/DF, CEP: 70.043-900